000 00229nam a2200097Ia 4500
008 230508s1999 xx 000 0 und d
041 _aeng
100 _aMALVINO
245 _aELECTRONIC PRINCIPLE 6TH ED
260 _bTATA MCG
_c1999
999 _c332923
_d332923